| 000 | 00518nam a2200169Ia 4500 | ||
|---|---|---|---|
| 003 | Ost | ||
| 005 | 20260507075713.0 | ||
| 008 | 260507s9999||||xx |||||||||||||| ||und|| | ||
| 040 | _cfsecg | ||
| 041 | _aara | ||
| 100 |
_aسرية، عصام نور _eمؤلف |
||
| 245 | 0 |
_aالعولمة و اثرها في المجتمع الاسلامي / _c عصام نور سرية |
|
| 260 |
_aالاسكندرية: _bمؤسسة شباب الجامعة, _c2003 |
||
| 300 | _a119 صفحة؛ | ||
| 520 | _a. | ||
| 942 | _cكتاب | ||
| 999 |
_c45903 _d45903 |
||